Countries With a D and S - Statistics

General Stats
  • This quiz has been taken 47 times
  • The average score is 14 of 22
Answer Stats
% Correct
Sudan
87%
United States
87%
South Sudan
85%
Sweden
79%
St. Vincent and the Grenadines
77%
Marshall Islands
74%
Honduras
72%
Solomon Islands
72%
Saudi Arabia
69%
United Arab Emirates
69%
Netherlands
67%
Barbados
64%
Madagascar
64%
F.S. of Micronesia
62%
Indonesia
62%
St. Kitts and Nevis
62%
Bangladesh
54%
Bosnia and Herzegovina
51%
El Salvador
49%
Maldives
49%
Switzerland
41%
Sao Tome and Principe
38%
No matching quizzes found
Score Distribution
Percent of People with Each Score
Percentile by Number Answered
Your Score History
You have not taken this quiz